[Event "Oberwart op"]
[Site "Oberwart"]
[Date "1994.??.??"]
[Round "9"]
[White "Magerramov, Elmar"]
[Black "Timoshchenko, Gennadi A"]
[Result "0-1"]
[WhiteElo "2580"]
[BlackElo "2515"]

1.d4 Nf6 2.c4 g6 3.Nc3 Bg7 4.e4 d6 5.Be2 O-O 6.Nf3 e5 7.Be3 Na6 8.O-O Ng4
9.Bg5 f6 10.Bh4 Nh6 11.Qd2 Nf7 12.Rad1 c6 13.a3 Nc7 14.Bg3 Qe7 15.Rfe1 Bg4
16.Nh4 Bc8 17.d5 c5 18.Bd3 Bh6 19.Qc2 Ne8 20.Rb1 Ng7 21.b4 b6 22.Be2 f5 23.exf5 gxf5
24.Bd3 Qf6 25.bxc5 bxc5 26.Nf3 Nh5 27.Bh4 Qg7 28.Bf1 e4 29.Be7 Re8 30.Qa4 Rxe7
31.Qc6 Bb7 32.Rxb7 Rxb7 33.Qxb7 Rf8 34.Nxe4 fxe4 35.Rxe4 Ng5 36.Qxg7+ Nxg7
37.Nxg5 Bxg5 38.h4 Bc1 39.a4 Bb2 40.f4 Nh5  0-1

[Event "DEN-ch"]
[Site "Odense"]
[Date "1994.??.??"]
[Round "3"]
[White "Berg, Klaus"]
[Black "Schandorff, Lars"]
[Result "1/2-1/2"]
[WhiteElo "2440"]
[BlackElo "2430"]

1.c4 g6 2.d4 Nf6 3.Nc3 Bg7 4.e4 d6 5.Nf3 O-O 6.Be2 Na6 7.O-O e5 8.Be3 Ng4
9.Bg5 Qe8 10.dxe5 h6 11.Bc1 dxe5 12.h3 Nf6 13.Be3 Nh5 14.c5 Nf4 15.Bxa6 bxa6
16.Nd5 Nxd5 17.Qxd5 Rb8 18.Qd2 Kh7 19.Qc3 Qb5 20.b3 Bb7 21.Nxe5 Qe8 22.Bd4 Rd8
23.f4 Bxe4 24.Rfe1 f5 25.Rad1 Bxe5 26.Bxe5 Qc6 27.Qa5 Rc8 28.Re2 Rf7 29.Red2 g5
30.Rd8 Qe6 31.Qa4 gxf4 32.Rxc8 Qxc8 33.Bxf4 Rg7 34.g3 Qe6 35.Qd4 Bf3 36.Rf1 Bb7
37.Qf2 Qe4 38.Kh2 Re7 39.Bc1 Qe2 40.Kg1 Qxf2+ 41.Kxf2 Rd7 42.Be3 Bc6 43.Rc1 h5
44.h4 Kg6 45.Bf4  1/2-1/2

[Event "DEN-ch"]
[Site "Odense"]
[Date "1994.??.??"]
[Round "7"]
[White "Hansen, Curt"]
[Black "Mortensen, Erling"]
[Result "1/2-1/2"]
[WhiteElo "2580"]
[BlackElo "2470"]

1.c4 e5 2.Nc3 d6 3.Nf3 g6 4.d4 Nd7 5.e4 Bg7 6.Be2 Ngf6 7.O-O O-O 8.Be3 h6
9.dxe5 dxe5 10.Nd2 Nh7 11.c5 Ng5 12.b4 Ne6 13.Bc4 Re8 14.Bxe6 Rxe6 15.Nc4 b6
16.Qa4 bxc5 17.bxc5 Ra6 18.Qc2 Nf8 19.Nd5 Bd7 20.Nb4 Ra4 21.a3 Bb5 22.Rfd1 Qe8
23.Nb2 Ne6 24.c6 Rxb4 25.axb4 Nd4 26.Bxd4 exd4 27.Rac1 Rd8 28.f4 d3 29.Nxd3 Qxe4
30.Ne1 Qe3+ 31.Qf2 Bd4 32.Qxe3 Bxe3+ 33.Kh1 Re8 34.Ra1 Bxc6 35.Nd3 Bd4 36.Rac1 Bb5
37.h3 Bb6 38.Ne5 Be3 39.Rxc7 Bxf4 40.Rc5 a6 41.Nf3 Be2 42.Re1 Bg3 43.Rec1 Re4
44.Rb1 Bd3 45.Rb3 Bb5 46.Rb1 Bd6 47.Rd5 Rxb4 48.Rxb4 Bxb4 49.Nd4 Bc4 50.Rd8+ Kg7
51.Nf5+ Kf6 52.Nxh6 a5 53.Ng4+ Ke6 54.h4 Bb3 55.Rb8 Kd6 56.Nf6 Kc7 57.Rb5 Bc4
58.Nd5+ Kc6 59.Rxb4 Bxd5 60.Rf4 Kb5 61.Kh2 a4 62.Rf1 a3 63.g4 Kb4 64.h5 gxh5
65.gxh5 a2 66.Kg3 Be4 67.Ra1 Bb1 68.Kf4 f6 69.Rxa2 Bxa2  1/2-1/2

[Event "Orange op"]
[Site "Orange"]
[Date "1994.??.??"]
[Round "7"]
[White "Touzane, Olivier"]
[Black "Jean, Olivier"]
[Result "1/2-1/2"]
[WhiteElo "2320"]
[BlackElo "2190"]

1.d4 Nf6 2.c4 g6 3.Nc3 Bg7 4.e4 d6 5.Be2 O-O 6.Nf3 e5 7.dxe5 dxe5 8.Qxd8 Rxd8
9.Nd5 Nxd5 10.cxd5 c6 11.Bc4 cxd5 12.Bxd5 Nc6 13.Bg5 Rd6 14.O-O-O Be6 15.Bxe6 Rxe6
16.Rd7 h6 17.Be3 b6 18.Rhd1 Nd4 19.Nxd4 exd4 20.Bxd4 Rc8+ 21.Bc3 Bxc3 22.bxc3 Rxe4
23.Kc2 a5 24.Rb7 Re2+ 25.Rd2 Rxd2+ 26.Kxd2 Rc6 27.Kd3 Kg7 28.c4 Kf6 29.f4 h5
30.h3 h4 31.Ke3 Rd6 32.a4 Ke6 33.Kf3 Rd3+ 34.Ke4 Rd6 35.Ke3 f6 36.Rh7 Rd1
37.Rxh4 Ra1 38.Rh6 Rxa4 39.Rxg6 Rxc4 40.Rg7 b5 41.g4 Rc3+ 42.Kd4 Rc4+  1/2-1/2

[Event "Orange op"]
[Site "Orange"]
[Date "1994.??.??"]
[Round "8"]
[White "Pelletier, Yannick"]
[Black "Mollov, Elin"]
[Result "1/2-1/2"]
[WhiteElo "2365"]
[BlackElo "2380"]

1.d4 g6 2.c4 Bg7 3.Nf3 d6 4.Nc3 Nf6 5.e4 O-O 6.Be2 e5 7.d5 a5 8.Bg5 h6 9.Bh4 Na6
10.Nd2 Qe8 11.O-O Bd7 12.Kh1 Nh7 13.a3 h5 14.f3 Bh6 15.b3 Be3 16.Qc2 f5 17.exf5 gxf5
18.Bf2 Bxf2 19.Rxf2 Rf6 20.Rc1 Qf7 21.Qb2 Nc5 22.b4 axb4 23.axb4 Na4 24.Nxa4 Rxa4
25.f4 e4 26.Nf1 Rh6 27.Ne3 Nf6 28.Ra1 Ng4 29.Bxg4 hxg4 30.g3 Rxa1+ 31.Qxa1 Qf6
32.Ra2 Kf7 33.Qxf6+ Kxf6 34.Ra8 Rh7 35.Rb8 b6 36.Rb7 Bc8 37.Ra7 Rf7 38.Kg2 Re7
39.Kf2 Rh7 40.Nf1 Rd7 41.Ke3 c6 42.Ra8 Rc7 43.dxc6 Rxc6 44.Kd4 Be6 45.Ne3 Rc7
46.Rb8 Ra7 47.Rxb6 Ra3 48.Nd5+ Bxd5 49.cxd5 Ke7 50.Rb7+ Kd8 51.Rf7 e3 52.Rf6 Kd7
53.Re6 Rb3 54.Kc4 Ra3 55.Kb5 Kc7 56.Kc4 Kd7 57.b5 Ra4+ 58.Kc3 Kc7 59.Rxe3 Ra3+
60.Kd4 Rxe3 61.Kxe3 Kb6 62.Kf2 Kxb5 63.h4 gxh3 64.g4 Kc5 65.g5 Kxd5 66.Kg3 Ke6
67.Kxh3 Ke7 68.Kg3 Ke6 69.Kf3 Ke7 70.Ke3 Kd7 71.Kd4 Ke6 72.Kc4 Ke7  1/2-1/2

[Event "Orange op"]
[Site "Orange"]
[Date "1994.??.??"]
[Round "9"]
[White "Mallet, Lionel"]
[Black "Jean, Olivier"]
[Result "0-1"]
[WhiteElo "2045"]
[BlackElo "2190"]

1.Nf3 g6 2.c4 Bg7 3.Nc3 Nf6 4.e4 d6 5.d4 O-O 6.Be2 e5 7.Be3 a5 8.O-O Na6
9.Re1 Re8 10.Bf1 exd4 11.Bxd4 b6 12.e5 dxe5 13.Bxe5 Bb7 14.Be2 Re7 15.Qxd8+ Rxd8
16.Bg3 h6 17.Rad1 Rde8 18.Bf1 Nc5 19.Rxe7 Rxe7 20.Re1 Rd7 21.Ne5 Rd2 22.Re2 Rd8
23.Nb5 Nfe4 24.f3 Nxg3 25.hxg3 c6 26.Nc3 Rd6 27.f4 Ne6 28.Ne4 Rd4 29.Nf3 Rd1
30.b3 c5 31.Nf2 Ra1 32.Ne5 Nd4 33.Rd2 Bxe5 34.fxe5 Bc8 35.Ne4 Bf5 36.Nf6+ Kg7
37.Kf2 Bb1 38.Nd7 Rxa2 39.Rxa2 Bxa2 40.Nxb6 Bxb3 41.Ke3 a4  0-1

[Event "Orel2"]
[Site "Orel"]
[Date "1994.??.??"]
[Round "2"]
[White "Pushkov, Nikolai"]
[Black "Komliakov, Viktor"]
[Result "1/2-1/2"]
[WhiteElo "2485"]
[BlackElo "2455"]

1.d4 d6 2.Nf3 Nf6 3.c4 g6 4.Nc3 Nbd7 5.e4 e5 6.Be2 Bg7 7.O-O O-O 8.Qc2 Re8
9.d5 Nh5 10.g3 Bf8 11.Ne1 Ng7 12.Nd3 f5 13.f3 Be7 14.Be3 Nf6 15.c5 h5 16.cxd6 cxd6
17.Nf2 h4 18.g4 Rf8 19.Rac1 fxg4 20.fxg4 Nh7 21.Qd2 Bg5 22.Nh3 Rxf1+ 23.Rxf1 Bxe3+
24.Qxe3 Qb6 25.Qxb6 axb6 26.Nf2 Ng5 27.Kg2 Ne8 28.Bb5 Nc7 29.a3 Nxb5 30.Nxb5 Nf7
31.h3 Bd7 32.Nc3 Kf8 33.Nd3 Ke7 34.Ne1 Rc8 35.Nf3 g5 36.Kf2 Kf6 37.Ke3 Kg6
38.Nd2 b5 39.Rf2 Nh8 40.Nf1 Kg7 41.Kd2 Ng6 42.Ne3 Nf4 43.Rf3 Kf7 44.Ncd1 Ra8
45.Nf2 Ke7 46.Nf5+ Bxf5 47.gxf5 b4 48.Rb3 bxa3 49.bxa3 b5 50.Ng4 Ra4 51.f6+ Kf7
52.Rxb5 Rxe4 53.Kc2 Rc4+ 54.Kb3 Rc7 55.Rb6 Rd7 56.a4 Nh5 57.a5 Nxf6 58.Nf2 Ke7
59.Rb8 Ra7 60.Kb4 Nd7 61.Rg8 Rb7+ 62.Kc3 Rb5 63.Rg7+ Kd8 64.Rxg5 Rxa5 65.Rg6 Ra2
66.Nd3 Kc7 67.Rh6 Re2 68.Rxh4 Nf6 69.Nb4 Re4 70.Rxe4 Nxe4+ 71.Kc4 Kd7  1/2-1/2

[Event "Orel"]
[Site "Orel"]
[Date "1994.??.??"]
[Round "5"]
[White "Legky, Nikolay A"]
[Black "Komliakov, Viktor"]
[Result "0-1"]
[WhiteElo "2525"]
[BlackElo "2445"]

1.d4 d6 2.Nf3 g6 3.c4 Bg7 4.Nc3 Nd7 5.e4 e5 6.Be2 Ngf6 7.O-O O-O 8.Qc2 Re8
9.d5 Nh5 10.g3 Bf8 11.Be3 Ng7 12.Nh4 Be7 13.Ng2 f5 14.f3 Nf6 15.b4 fxe4 16.fxe4 Bh3
17.c5 Ng4 18.Bxg4 Bxg4 19.Rac1 a5 20.Qb3 axb4 21.Qxb4 Rb8 22.Nb5 Rf8 23.Rxf8+ Bxf8
24.a4 Ne8 25.c6 b6 26.Rf1 Be2 27.Rf2 Bxb5 28.Qxb5 Ra8 29.h3 Be7 30.Bh6 Nf6
31.Qc4 Qc8 32.Bg5 Nxe4 33.Bxe7 Nxf2 34.Kxf2 Qxh3 35.Kg1 Qxg3 36.Qf1 Qg4 37.Qf6 Qd1+
38.Kh2 Qxd5 39.Bd8 Qf7 40.Qxf7+ Kxf7 41.Bxc7 Ke6 42.Bxb6 Rxa4 43.Ne3 Ra3
44.Nc4 Rc3 45.Na5 d5 46.Nb7 Rxc6 47.Nd8+ Kd7 48.Nxc6 Kxc6 49.Bd8 d4 50.Kg3 Kd5
51.Kf3 h6 52.Bf6 e4+ 53.Ke2 g5 54.Bg7 h5 55.Bf6 g4 56.Bh4 Ke5 57.Bg3+ Kf5
58.Bf2 h4 59.Be1 d3+ 60.Ke3 g3  0-1

[Event "Orel2"]
[Site "Orel"]
[Date "1994.??.??"]
[Round "6"]
[White "Pushkov, Nikolai"]
[Black "Zaitsev, Igor A"]
[Result "0-1"]
[WhiteElo "2485"]
[BlackElo "2460"]

1.Nf3 Nf6 2.c4 g6 3.Nc3 Bg7 4.e4 d6 5.d4 O-O 6.Be2 e5 7.Be3 Ng4 8.Bg5 f6
9.Bc1 Nc6 10.h3 exd4 11.Nxd4 Nge5 12.Be3 f5 13.Nxc6 bxc6 14.Qd2 fxe4 15.Nxe4 Be6
16.Qc2 Rb8 17.Rb1 Bf5 18.g4 Bxe4 19.Qxe4 d5 20.cxd5 cxd5 21.Qa4 d4 22.Bxd4 Nf3+
23.Bxf3 Bxd4 24.Qc6 Qe8+ 25.Kd2 Qxc6 26.Bxc6 Rxf2+ 27.Kd3 Bxb2 28.Bd5+ Kg7
29.Rhf1 Rbf8 30.Rxf2 Rxf2 31.Re1 Bf6 32.Re2 Rf1 33.Kc2 Kh6 34.Rd2 Kg5 35.Bg8 h6
36.Rd3 Kh4 37.Bf7 g5 38.Bg6 Rf2+ 39.Rd2 Rf4 40.Rd3 Bd4 41.Bf5 a5 42.Kb3 Be5
43.Be6 a4+ 44.Kc2 Rf2+ 45.Kd1 Bd6 46.Rd4 a3 47.Rd3 Bb4 48.Rb3 c5 49.Re3 Rd2+
50.Kc1 Rd4 51.Rb3 Re4 52.Bf5 Re1+ 53.Kc2 Ra1  0-1

[Event "Oslo op"]
[Site "Oslo"]
[Date "1994.??.??"]
[Round "9"]
[White "Lyrberg, Patrik"]
[Black "Johnsen, Sverre"]
[Result "1/2-1/2"]
[WhiteElo "2415"]
[BlackElo "2250"]

1.e4 g6 2.d4 c6 3.c4 d6 4.Nc3 Bg7 5.Nf3 Nf6 6.Be2 O-O 7.O-O e5 8.Be3 Nbd7
9.dxe5 dxe5 10.b4 Qc7 11.Nd2 Rd8 12.Qc2 Nf8 13.Nb3 Ne6 14.Rfd1 Re8 15.f3 Nf4
16.Bf1 Be6 17.a4 Bf8 18.Nc5 Nd7 19.Nxd7 Bxd7 20.Rab1 Be6 21.a5 Qe7 22.Qf2 a6
23.Na4 Rad8 24.Nc5 Bc8 25.g3 Rxd1 26.Rxd1 Ne6 27.Bh3 Nxc5 28.Bxc5 Qf6 29.Bxc8 Rxc8
30.Bxf8 Rxf8 31.Rd3 Rd8 32.Qd2 Rxd3 33.Qxd3 Qe7 34.c5 Qe6 35.Qd2 Kg7 36.Kg2 Qc4
37.g4 h6 38.h4 Qb3 39.Kf2 Qb1 40.Kg2 Qb3 41.g5 h5 42.Kg3  1/2-1/2

[Event "Pardubice op"]
[Site "Pardubice"]
[Date "1994.??.??"]
[Round "4"]
[White "Babula, Vlastimil"]
[Black "Kempinski, Robert"]
[Result "1/2-1/2"]
[WhiteElo "2515"]
[BlackElo "2385"]

1.d4 Nf6 2.c4 g6 3.Nc3 Bg7 4.e4 d6 5.Nf3 O-O 6.Be2 e5 7.d5 Nbd7 8.Bg5 h6
9.Bh4 g5 10.Bg3 Nh5 11.h4 g4 12.Nd2 Ndf6 13.Nf1 Nf4 14.Ne3 h5 15.Bd3 Bh6
16.Bc2 Ne8 17.f3 Ng7 18.fxg4 hxg4 19.Bxf4 Bxf4 20.Nf5 Kh8 21.Qxg4 Rg8 22.Qf3 c6
23.g4 Qb6 24.b3 Nxf5 25.exf5 Qa5 26.g5 Kg7 27.dxc6 bxc6 28.Rd1 d5 29.cxd5 cxd5
30.Rxd5 Bb7 31.f6+ Kf8 32.Rxa5 Bxf3 33.Rh3 Bg4 34.Rd3 Bf5 35.Rxa7 Rb8 36.Ne2 Bxd3
37.Bxd3 Be3 38.Re7 Rh8 39.Bc4 Rxh4 40.Rxf7+ Ke8 41.Bd5 Rh1+ 42.Bxh1 Kxf7
43.Bd5+  1/2-1/2

[Event "Pardubice op2"]
[Site "Pardubice"]
[Date "1994.??.??"]
[Round "6"]
[White "Dotlacil, L."]
[Black "De Rosa, G."]
[Result "0-1"]
[WhiteElo "1990"]
[BlackElo "1870"]

1.d4 Nf6 2.Nf3 g6 3.c4 Bg7 4.Nc3 O-O 5.e4 d6 6.Be2 e5 7.dxe5 dxe5 8.Qxd8 Rxd8
9.Bg5 Rf8 10.Bxf6 Bxf6 11.Nd5 Bd8 12.O-O-O Bg4 13.h3 Bxf3 14.Bxf3 Nc6 15.Rd3 Nd4
16.Re1 c6 17.Nc3 Ba5 18.Red1 Bxc3 19.bxc3 Ne6 20.Rd7 Nc5 21.R7d2 Kg7 22.Rd6 Rfe8
23.Kd2 Rad8 24.Ke3 Rxd6 25.Rxd6 Kf8 26.Bg4 Ke7 27.Rd2 Rd8 28.Rb2 Rd3+ 29.Ke2 Rxc3
30.Bc8 Kd8 31.Bxb7 Kc7 32.Ba8 Rxc4 33.f3 a5 34.Kd2 a4 35.h4 a3 36.Rb1 Ra4
37.Rc1 Ra5 38.Rc4 Kb6 39.Rb4+ Rb5 40.Kc3 Rxb4 41.Kxb4 Na6+ 42.Kxa3 Nc7 43.Bxc6 Kxc6
44.Kb4 Na6+ 45.Kc4 Nc5 46.a3 h5 47.g4 hxg4 48.fxg4 Nxe4 49.h5 gxh5 50.gxh5 f5
51.h6 Nf6 52.a4 f4 53.a5 f3 54.Kd3 e4+ 55.Ke3 Kb5 56.h7 Nxh7 57.Kxe4 f2 58.a6 Kxa6
59.Kf3 f1=Q+  0-1

[Event "Passau op"]
[Site "Passau"]
[Date "1994.??.??"]
[Round "?"]
[White "Shipov, Sergei"]
[Black "Groszpeter, Attila"]
[Result "1/2-1/2"]
[WhiteElo "2525"]
[BlackElo "2525"]

1.d4 Nf6 2.c4 g6 3.Nc3 Bg7 4.e4 d6 5.Be2 O-O 6.Nf3 e5 7.Be3 h6 8.O-O Ng4
9.Bc1 Nc6 10.d5 Ne7 11.Ne1 h5 12.f3 Nh6 13.Nd3 f5 14.f4 Nf7 15.fxe5 dxe5
16.b3 c6 17.Ba3 cxd5 18.cxd5 Nd6 19.Kh1 fxe4 20.Rxf8+ Bxf8 21.Nf2 Nef5 22.Bxd6 Nxd6
23.Nfxe4 Bf5 24.Bf3 Qb6 25.Qe2 Be7 26.Rd1 Rf8 27.Ng3 Bf6 28.Nce4 Bg7 29.Nxd6 Qxd6
30.Ne4 Bxe4 31.Bxe4 a6 32.Qc2 Kh7 33.g3 Bh6 34.Qe2 Kg7 35.Kg2 Bg5 36.h4 Bd8
37.Rf1 Rxf1 38.Qxf1 Bb6 39.Qc1 Qc5 40.Qxc5 Bxc5 41.d6 Bxd6 42.Bxb7 a5  1/2-1/2

[Event "Passau op"]
[Site "Passau"]
[Date "1994.??.??"]
[Round "?"]
[White "Ftacnik, Lubomir"]
[Black "Kovalev, Andrei"]
[Result "0-1"]
[WhiteElo "2540"]
[BlackElo "2530"]

1.d4 Nf6 2.c4 g6 3.Nc3 Bg7 4.e4 O-O 5.Nf3 d6 6.Be2 e5 7.O-O exd4 8.Nxd4 Re8
9.f3 Nh5 10.g4 Nf6 11.Bg5 h6 12.Bh4 Nc6 13.Nxc6 bxc6 14.c5 g5 15.Bg3 d5 16.Qa4 dxe4
17.Qxc6 Qd4+ 18.Bf2 e3 19.Bg3 Bd7 20.Qxc7 Rec8 21.Be5 Qb4 22.Qd6 Ne8 23.Qxd7 Bxe5
24.Nd5 Qxb2 25.Ne7+ Kf8 26.Nxc8 Rxc8 27.Rfe1 Qb4 28.Bb5 Bxa1 29.Rxa1 Qxc5
30.Re1 Nf6 31.Qd3 Nd5 32.Qh7 Nf4 33.h4 e2+ 34.Kh1 Qc3 35.Qxh6+ Kg8 36.Qxg5+ Ng6
37.Rxe2 Qxf3+ 38.Kh2 Rc3 39.Rg2 Kh7 40.Be8 Qh3+ 41.Kg1 Qd3 42.Qd2 Qb1+ 43.Kh2 Qb8+
44.Kg1 Qb6+ 45.Qf2 Qb1+ 46.Kh2 Qb8+ 47.Rg3 Ne5 48.Qf5+ Kg7 49.Rxc3 Nf3+ 50.Kg2 Nxh4+
51.Kh3 Nxf5 52.gxf5 Qxe8  0-1

[Event "Peristeri"]
[Site "Peristeri"]
[Date "1994.??.??"]
[Round "5"]
[White "Moutousis, Konstantinos"]
[Black "Saltaev, Mihail"]
[Result "1/2-1/2"]
[WhiteElo "2425"]
[BlackElo "2485"]

1.d4 Nf6 2.Nf3 g6 3.c4 Bg7 4.Nc3 O-O 5.e4 d6 6.Be2 e5 7.d5 Nbd7 8.Bg5 h6
9.Bh4 g5 10.Bg3 Nh5 11.h4 Nxg3 12.fxg3 g4 13.Nd2 h5 14.O-O Nf6 15.Rf2 Bh6
16.Nf1 Ne8 17.Bd3 Kg7  1/2-1/2

[Event "Peristeri"]
[Site "Peristeri"]
[Date "1994.??.??"]
[Round "9"]
[White "Moutousis, Konstantinos"]
[Black "Istratescu, Andrei"]
[Result "1-0"]
[WhiteElo "2425"]
[BlackElo "2515"]

1.d4 Nf6 2.Nf3 g6 3.c4 Bg7 4.Nc3 O-O 5.e4 d6 6.Be2 e5 7.d5 a5 8.Nd2 h5 9.h4 Na6
10.Nf3 Ng4 11.Ng5 Nh6 12.Be3 f6 13.Ne6 Bxe6 14.dxe6 Qe8 15.g4 Nxg4 16.Bxg4 hxg4
17.Qxg4 f5 18.exf5 gxf5 19.Qg2 Qxe6 20.O-O-O f4 21.h5 Kf7 22.Nd5 Nb4 23.Rdg1 Rg8
24.Qe4 Raf8 25.Rg6 Qd7 26.h6 Nxd5 27.hxg7 Re8 28.cxd5 fxe3 29.fxe3 Qb5 30.Qf5+ Ke7
31.Re6+ Kd8 32.Qf6+ Kc8 33.Rxe8+ Rxe8 34.Qg6  1-0

[Event "World op"]
[Site "Philadelphia"]
[Date "1994.??.??"]
[Round "?"]
[White "Mulyar, Michael A"]
[Black "Shaked, Tal"]
[Result "1/2-1/2"]
[WhiteElo "2245"]
[BlackElo "2370"]

1.d4 Nf6 2.Nf3 g6 3.c4 Bg7 4.Nc3 O-O 5.e4 d6 6.Be2 e5 7.d5 Na6 8.O-O Nc5
9.Qc2 a5 10.Bg5 h6 11.Be3 Nh5 12.g3 Bh3 13.Rfe1 Qe8 14.Nh4 Nf6 15.Kh1 Bd7
16.f3 Nh7 17.Qd2 h5 18.Rf1 b6 19.Rae1 Qe7 20.Ng2 Bh3 21.Nd1 Bf6 22.Nf2 Bxg2+
23.Kxg2 Bg5 24.Nd3 Bxe3 25.Qxe3 Qg5 26.Qxg5 Nxg5 27.Nxc5 bxc5 28.Bd1 Rab8
29.Rf2 Rb4 30.h4 Nh7 31.Rc2 f5 32.a3 Rbb8 33.Rd2 f4 34.g4 hxg4 35.fxg4 g5
36.h5 f3+ 37.Bxf3 Rf4 38.Re3 Nf6 39.Kg3 Kg7 40.Rde2 Rb7 41.Rc3 Rb8 42.Rd3 Rb6
43.Rde3 Rb8 44.b3 Rb6 45.Re1 Rb8 46.Rf1 Rb6 47.Rb1 Kh6 48.Ree1 Kg7 49.Re3 Kh6
50.Rg1 Kg7 51.Kh3 Rb8 52.Kg3 Rf8 53.Rge1 Rb8  1/2-1/2

[Event "World op"]
[Site "Philadelphia"]
[Date "1994.??.??"]
[Round "?"]
[White "Ehlvest, Jaan"]
[Black "Sherzer, Alex"]
[Result "1-0"]
[WhiteElo "2610"]
[BlackElo "2465"]

1.d4 Nf6 2.c4 g6 3.Nc3 Bg7 4.e4 d6 5.Be2 O-O 6.Nf3 e5 7.Be3 Nc6 8.d5 Ne7
9.Nd2 Nd7 10.O-O f5 11.f3 f4 12.Bf2 g5 13.b4 Ng6 14.c5 Nf6 15.Nc4 Rf7 16.Nb5 Bf8
17.cxd6 cxd6 18.Nxa7 Bd7 19.a4 h5 20.Nb6 g4 21.Nxd7 Qxd7 22.Bc4 g3 23.Bb6 gxh2+
24.Kh1 Be7 25.Bf2 Rxa7 26.Bxa7 h4 27.Kxh2 Rg7 28.Rh1 h3 29.gxh3 Nh4 30.Rg1 Ng6
31.Be2  1-0

[Event "POL-ch (Women)"]
[Site "?"]
[Date "1994.??.??"]
[Round "9"]
[White "Henc, Renata"]
[Black "Lukasiewicz, Anna"]
[Result "0-1"]
[WhiteElo "2210"]
[BlackElo "2170"]

1.d4 Nf6 2.Nf3 g6 3.c4 Bg7 4.Nc3 O-O 5.e4 d6 6.Be2 e5 7.d5 a5 8.Bg5 h6 9.Bh4 Na6
10.Nd2 Qe8 11.a3 Bd7 12.b3 Nh7 13.Rb1 h5 14.f3 Bh6 15.Bf2 Qe7 16.h4 Nc5 17.Qc2 f5
18.b4 axb4 19.axb4 Na4 20.Nd1 Nf6 21.Ne3 fxe4 22.Nxe4 Nxe4 23.Qxe4 Qf7 24.Qc2 b5
25.Bd3 bxc4 26.Bxg6 Qf6 27.Be4 c3 28.Bd3 Nb2 29.Qxc3 Nxd3+ 30.Qxd3 e4 31.Qd2 exf3
32.gxf3 Qxf3 33.Rg1+ Bg4 34.Rc1 Ra3 35.Rg3 Bxe3 36.Rxf3 Bxd2+ 37.Kxd2 Raxf3
38.Be3 R8f7 39.Ra1 Rh3 40.Ra8+ Kh7 41.Bd4 Kg6 42.Rg8+ Kf5  0-1

[Event "POL-ch (Women)"]
[Site "?"]
[Date "1994.??.??"]
[Round "9"]
[White "Lewandowska, Katarzyna"]
[Black "Zielinska, Marta"]
[Result "1-0"]
[WhiteElo "2130"]
[BlackElo "2170"]

1.d4 Nf6 2.Nf3 g6 3.c4 Bg7 4.Nc3 O-O 5.e4 d6 6.Be2 e5 7.dxe5 dxe5 8.Qxd8 Rxd8
9.Bg5 Nbd7 10.Rd1 Rf8 11.Be3 c6 12.Nd2 Re8 13.O-O Bf8 14.Na4 b6 15.Rb1 Be7
16.f3 Nf8 17.Nb3 Be6 18.Rfd1 N6d7 19.Rd2 g5 20.g3 Ng6 21.Rbd1 Red8 22.Nc3 Kg7
23.Kg2 h5 24.Nd5 cxd5 25.cxd5 Ndf8 26.dxe6 Nxe6 27.Rd7 Bf6 28.Bc4 Ngf8 29.Rxd8 Rxd8
30.Rxd8 Bxd8 31.Bd5 Nc7 32.Bc6 Be7 33.Kf2 Na6 34.a3 Ne6 35.Ke2 Bd6 36.Bb7 Nac7
37.Nd2 f6 38.Nc4 Be7 39.b4 Kg6 40.Bc8 Kf7 41.Bd7 Ne8 42.Kd3 N8c7 43.Kc3 Bf8
44.Nb2 Ke7 45.Ba4 Kd8 46.Kc4 Bd6 47.Nd3 Ke7 48.Bd1 Ne8 49.a4 Kd7 50.a5 Bc7
51.Ba4+ Ke7 52.Kd5 Nd6 53.axb6 axb6 54.Nb2 Nf8 55.Kc6 Ne6 56.Bb3 Bd8 57.Bxe6 Kxe6
58.Bxb6 Bxb6 59.Kxb6 f5 60.exf5+ Kxf5 61.Kc6 Nc8 62.Nc4 Ke6 63.Ne3 Ne7+ 64.Kc7 g4
65.fxg4 Nd5+ 66.Nxd5 Kxd5 67.b5 e4 68.gxh5 Kc5 69.h6 e3 70.h7 e2 71.h8=Q e1=Q
72.Qc8 Kd4 73.Qg4+ Kd5 74.Qd7+ Kc4 75.b6  1-0

[Event "POL-ch U20 Girls"]
[Site "?"]
[Date "1994.??.??"]
[Round "2"]
[White "Zielinska, Marta"]
[Black "Dworakowska, Joanna"]
[Result "1/2-1/2"]
[WhiteElo "2170"]
[BlackElo "2190"]

1.d4 Nf6 2.Nf3 g6 3.c4 Bg7 4.Nc3 O-O 5.e4 d6 6.Be2 e5 7.O-O Qe8 8.d5 Nh5
9.g3 f5 10.Ne1 f4 11.g4 Nf6 12.h4 a5 13.f3 Qe7 14.Ng2 Na6 15.Bd2 h5 16.g5 Nh7
17.Be1 Kf7 18.Kf2 Rh8 19.Rh1 Bf8 20.Kf1 Bd7 21.Bf2 Qe8 22.Ne1 Be7 23.Nd3 b6
24.Ke1 Nc5 25.Kd2 Qc8 26.Rg1 Qa6 27.Kc2 Rhb8 28.b3 Kg8 29.a4 Qc8 30.Nxc5 bxc5  1/2-1/2

[Event "POL-ch U20 Girls"]
[Site "?"]
[Date "1994.??.??"]
[Round "8"]
[White "Zielinska, Marta"]
[Black "Aksiuczyc, Monika"]
[Result "1-0"]
[WhiteElo "2170"]
[BlackElo "2070"]

1.d4 Nf6 2.Nf3 g6 3.c4 Bg7 4.Nc3 O-O 5.e4 d6 6.Be2 Nbd7 7.O-O e5 8.d5 a5
9.Bg5 h6 10.Bh4 g5 11.Bg3 Nc5 12.Nd2 Ne8 13.f3 f5 14.exf5 Bxf5 15.Nde4 b6
16.Nxc5 bxc5 17.Bd3 Bxd3 18.Qxd3 Nf6 19.Ne4 Nh5 20.Qc2 Nf4 21.Be1 Qd7 22.Bc3 a4
23.Rae1 Qf7 24.Qd1 Ng6 25.Ng3 Ne7 26.Re4 Nf5 27.Rfe1 Nd4 28.Bxd4 cxd4 29.Qd3 Rab8
30.R1e2 Rb6 31.h4 Bf6 32.Qd2 Qg6 33.h5 Qf7 34.Qc2 Rb4 35.Rg4 Bg7 36.Qc1 c6
37.a3 Rb6 38.c5 Rb5 39.cxd6 cxd5 40.Qc6 Qb7 41.Qc2 Qb6 42.Kh1 Qxd6 43.Nf5 Qf6
44.Nxg7 Rb3 45.Qc7 Re3 46.Rd2 Qxg7 47.Qd6 Kh7 48.Rc2 Rf7 49.Rc6 Re7 50.Kh2 Rb3
51.Qxd5 Rd3 52.Re4 Rd2  1-0

[Event "Wisla op (Women)"]
[Site "Poland"]
[Date "1994.??.??"]
[Round "?"]
[White "Litinskaya, Marta I"]
[Black "Blimke, Dalia"]
[Result "1-0"]
[WhiteElo "2290"]
[BlackElo "2085"]

1.d4 Nf6 2.c4 g6 3.Nc3 Bg7 4.e4 d6 5.Nf3 O-O 6.Be2 e5 7.d5 a5 8.Bg5 h6 9.Bh4 Na6
10.Nd2 Qe8 11.O-O Nh7 12.a3 Bd7 13.Nb5 h5 14.f3 Bh6 15.Kh1 a4 16.Be1 c6 17.dxc6 bxc6
18.Nxd6 Qb8 19.c5 Nxc5 20.N2c4 Nf6 21.Bf2 Ne6 22.Nb6 Ra7 23.Ndc4 c5 24.Bh4 Bg5
25.Bxg5 Nxg5 26.Nxd7 Nxd7 27.Qc1 Ne6 28.Qh6 Nf4 29.Rf2 Nb6 30.Bf1 Nxc4 31.Bxc4 Rb7
32.g3 Ne6 33.Bxe6 fxe6 34.Qxg6+ Kh8 35.Qxe6 Rxb2 36.Qh6+ Kg8 37.Qg6+ Kh8
38.Qxh5+ Kg8 39.Qg6+ Kh8 40.Raf1 Rxf2 41.Rxf2 Qb1+ 42.Kg2 Qa1 43.Qd6  1-0

[Event "Polanica Zdroj op"]
[Site "Polanica Zdroj"]
[Date "1994.??.??"]
[Round "?"]
[White "Matlak, Marek"]
[Black "Gdanski, Jacek"]
[Result "1/2-1/2"]
[WhiteElo "2485"]
[BlackElo "2505"]

1.Nf3 Nf6 2.c4 g6 3.Nc3 Bg7 4.e4 d6 5.d4 O-O 6.Be2 e5 7.dxe5 dxe5 8.Qxd8 Rxd8
9.Nd5 Nxd5 10.cxd5 c6 11.Bc4 b5 12.Bb3 Bb7 13.Bg5  1/2-1/2

[Event "Polanica Zdroj op"]
[Site "Polanica Zdroj"]
[Date "1994.??.??"]
[Round "?"]
[White "Ponceleusz, Bronislaw"]
[Black "Ryskin, Alexander"]
[Result "1/2-1/2"]
[WhiteElo "2180"]
[BlackElo "2500"]

1.d4 Nf6 2.Nf3 g6 3.c4 Bg7 4.Nc3 O-O 5.e4 d6 6.Be2 Na6 7.O-O e5 8.Be3 Ng4
9.Bg5 Qe8 10.Rb1 h6 11.Bc1 c6 12.dxe5 dxe5 13.b4 Qe7 14.b5 cxb5 15.cxb5 Nc7
16.Qa4 Rd8 17.Ba3 Qe8 18.Rfd1 Rxd1+ 19.Rxd1 Bf8 20.Bc4 Be6 21.Bxe6 Qxe6 22.Bxf8 Kxf8
23.Nd5 Nxd5 24.exd5 Qf5 25.Re1 Re8 26.h3 Nf6 27.Qxa7 e4 28.Qc5+ Kg7 29.Nd2 Re5
30.Qc3 Nxd5 31.Qd4 Nf6 32.a4 Rd5 33.Qb2 Kh7 34.Nf1 Qe6 35.Ne3 Rd3 36.Qb4 Kg7
37.Qc4 Qe5 38.a5 Rc3 39.Qb4 Qc5 40.Qxc5 Rxc5 41.Rb1 Ne8 42.a6 bxa6 43.bxa6 Ra5
44.Rb4 Rxa6 45.Rxe4 Nf6 46.Rd4 Ra1+ 47.Rd1 Rxd1+ 48.Nxd1  1/2-1/2

[Event "CRO-ch"]
[Site "Porec"]
[Date "1994.??.??"]
[Round "?"]
[White "Lazovic, Gordan"]
[Black "Armanda, Ivica"]
[Result "1-0"]
[WhiteElo "2305"]
[BlackElo "2260"]

1.d4 Nf6 2.c4 g6 3.Nc3 Bg7 4.e4 d6 5.Nf3 O-O 6.Be2 e5 7.dxe5 dxe5 8.Qxd8 Rxd8
9.Bg5 Re8 10.Nd5 Nxd5 11.cxd5 c6 12.Bc4 Nd7 13.dxc6 bxc6 14.O-O Nc5 15.Rfe1 a5
16.Rac1 Na4 17.Rc2 Nb6 18.Bf1 Bb7 19.Be3 Nd7 20.Bc4 Nf6 21.Nd2 h6 22.f3 Nh5
23.Nb3 Bf8 24.Rd1 Nf6 25.Rcd2 Be7 26.Bxh6 a4 27.Na1 Bc5+ 28.Kf1 Bd4 29.Nc2 Bxb2
30.Bg5 Nh7 31.Rd7 Nxg5 32.Rxb7 a3 33.Rdd7 Rad8 34.Rxf7 Nxf7 35.Bxf7+ Kf8
36.Bxe8 Kxe8 37.Ra7 Rd3 38.Ke2 Rc3 39.Kd2 c5 40.Ne3 c4 41.Rc7 Rd3+ 42.Ke2 Bd4
43.Nxc4  1-0

[Event "Praha Mladi-B"]
[Site "Prague"]
[Date "1994.??.??"]
[Round "1"]
[White "Adamek, Zdenek"]
[Black "Belaska, Premysl"]
[Result "1/2-1/2"]
[WhiteElo "2120"]
[BlackElo "2260"]

1.Nf3 g6 2.c4 Bg7 3.Nc3 d6 4.d4 Nf6 5.e4 O-O 6.Be2 e5 7.d5 a5 8.Be3 Ng4 9.Bg5 f6
10.Bh4 g5 11.Bg3 Nh6 12.h4 Nf7 13.Nd2 gxh4 14.Bxh4 Bh6 15.Bg4 Bg5 16.Bf5 Bxh4
17.Rxh4 Ng5 18.Qg4 Kh8 19.O-O-O Bxf5 20.exf5 Nd7 21.Nde4 Rg8 22.Rdh1 Nf8
23.Nxg5 Rxg5 24.Qh3 Qe7 25.Ne4 Rg7 26.Rh6 Nd7 27.g4 Rf8 28.Qh4 Rff7 29.f3 Kg8
30.Kc2 Rf8 31.Rg1 Kh8 32.g5 fxg5 33.Rxg5 Rgf7 34.Rgh5 Qxh4 35.Rxh4 Nf6 36.Nxf6 Rxf6
37.Rxh7+ Kg8 38.Rh8+ Kf7 39.R4h7+ Ke8 40.Rxf8+ Rxf8 41.Rxc7 Rxf5 42.Rxb7 Rxf3
43.b4 axb4 44.Rxb4 Rf2+ 45.Kb3 e4 46.Rb8+ Kd7 47.Rh8 e3 48.Rh7+ Kd8 49.Rh6 Kc7
50.Re6 Re2 51.a4 Re1 52.a5 e2 53.Kb2 Kb7 54.Kc2 Ra1 55.Rxe2 Rxa5 56.Re6 Kc7
57.Kc3 Ra1 58.Re7+ Kd8 59.Rh7 Rc1+ 60.Kb4 Rb1+ 61.Kc3 Rc1+ 62.Kd4 Rd1+ 63.Ke4 Re1+
64.Kf5 Re5+ 65.Kf6 Re4 66.Rg7 Rxc4 67.Ke6 Rh4 68.Rd7+ Kc8 69.Rxd6 Rh6+ 70.Ke5 Rh5+
71.Kd4 Rh1  1/2-1/2

[Event "Bohemians"]
[Site "Prague"]
[Date "1994.??.??"]
[Round "5"]
[White "Danner, Georg"]
[Black "Znamenacek, Kvetoslav"]
[Result "1-0"]
[WhiteElo "2440"]
[BlackElo "2260"]

1.d4 Nf6 2.Nf3 g6 3.c4 Bg7 4.Nc3 O-O 5.e4 d6 6.Be2 e5 7.d5 a5 8.Bg5 h6 9.Bh4 Na6
10.Nd2 Qe8 11.a3 Bd7 12.b3 Nh7 13.f3 f5 14.Rb1 Nc5 15.b4 axb4 16.axb4 Na4
17.Nxa4 Rxa4 18.O-O Bf6 19.Bxf6 Nxf6 20.c5 Bb5 21.Rf2 Ra2 22.c6 fxe4 23.Bxb5 e3
24.Re2 exd2 25.Bc4 Ra7 26.Qxd2 g5 27.cxb7 Rxb7 28.Bd3 Qh5 29.Rc1 Qh4 30.Rc4 Qh5
31.Bf5 Kh8 32.Qd3 Qf7 33.Be6 Qg7 34.Rec2 Ne8 35.g3 Ra7 36.Kg2 Rb7 37.Qe3  1-0